| 000 | 00664nam a2200229Ia 4500 | ||
|---|---|---|---|
| 003 | OSt | ||
| 005 | 20221006164146.0 | ||
| 006 | a|||||r|||| 00| 0 | ||
| 007 | ta | ||
| 008 | 221006b |||||||| |||| 00| 0 hin d | ||
| 024 | _a5,427 | ||
| 037 | _cTextual | ||
| 040 |
_aFML _cFML _bhin |
||
| 041 |
_2hin _ahin |
||
| 082 | _aNR44,18, J1.1 -; 1 | ||
| 100 |
_aVasantrao Rajopadhyaya Au. _9676732 |
||
| 245 | 0 | _aMadhyamik Alaap Taan | |
| 260 |
_aMaharashtra _bAkhil Bharatiya Gandharva Mahavidyalaya Mandal India _c1951 |
||
| 300 |
_a68 _ccm. |
||
| 942 |
_hNR44,18, J1.1 -; 1 _cTEXL _2CC |
||
| 999 |
_c1116383 _d1116383 |
||